[Event "Chigorin Memorial"]
[Site "St Petersburg RUS"]
[Date "2012.11.03"]
[Round "8.80"]
[White "Nikitinyh, Boris"]
[Black "Nikologorskiy, Konstantin"]
[Result "1-0"]
[BlackTitle "FM"]
[WhiteElo "2142"]
[BlackElo "2400"]
[WhiteFideId "4198328"]
[BlackFideId "24111708"]
[EventDate "2012.10.27"]

1. e4 c5 2. Nf3 d6 3. d4 cxd4 4. Nxd4 Nf6 5. Bd3 Nc6 6. Ne2 g6 7. O-O Bg7 8. c4
O-O 9. Nbc3 Ne5 10. h3 Nfd7 11. b3 Nxd3 12. Qxd3 Nc5 13. Qc2 f5 14. Bb2 fxe4 15.
Nd5 e5 16. Rad1 Bf5 17. Ne3 Nd3 18. Bc3 Bh6 19. Bd2 Qh4 20. Nxf5 gxf5 21. Bxh6
Qxh6 22. Nc1 Nf4 23. Ne2 Nxe2+ 24. Qxe2 Rf6 25. c5 Rd8 26. Rxd6 Rfxd6 27. cxd6
Qxd6 28. Qe3 Rd7 29. Rc1 Kf7 30. Rc8 Rd8 31. Rxd8 Qxd8 32. Qxa7 Qd1+ 33. Kh2 Qd5
34. Qb6 Kg7 35. g3 h6 36. a4 Qf7 37. Kg2 Qd5 38. Kh2 Qf7 39. Kg1 Qd7 40. Qc5 Kf6
41. Qf8+ Kg6 42. Qg8+ Kh5 43. Kg2 e3 44. g4+ fxg4 45. Qxg4+ Qxg4+ 46. hxg4+ Kxg4
47. fxe3 Kf5 48. Kf3 h5 49. e4+ Ke6 50. b4 1-0

[Event "Chigorin Memorial"]
[Site "St Petersburg RUS"]
[Date "2012.11.03"]
[Round "8.82"]
[White "Shchukin, Dmitry"]
[Black "Nunez Lucero, Francisco"]
[Result "0-1"]
[WhiteTitle "IM"]
[WhiteElo "2348"]
[BlackElo "2186"]
[WhiteFideId "4121724"]
[BlackFideId "2214369"]
[EventDate "2012.10.27"]

1. e4 e6 2. d3 d5 3. Nd2 c5 4. Ngf3 Nc6 5. g3 g6 6. Bg2 Bg7 7. O-O Nge7 8. Re1
Qc7 9. exd5 exd5 10. d4 c4 11. c3 O-O 12. b3 cxb3 13. axb3 Bf5 14. Ba3 Rfe8 15.
Nf1 Be4 16. Ne3 a5 17. Bf1 Nf5 18. Ng5 Nxe3 19. Rxe3 Bf5 20. Qe2 Qd7 21. Re1
Rxe3 22. Qxe3 h6 23. Nf3 Bc2 24. Nd2 Qf5 25. Bc5 Kh7 26. Bg2 b5 27. c4 bxc4 28.
bxc4 Nb4 29. cxd5 Nxd5 30. Qa3 Rc8 31. Qxa5 Nf4 32. Qc3 Nd3 33. f4 Rxc5 34. Qa3
Ra5 35. Qc3 Nxe1 0-1

[Event "Chigorin Memorial"]
[Site "St Petersburg RUS"]
[Date "2012.11.03"]
[Round "8.86"]
[White "Mikhailov, Viacheslav"]
[Black "Bukhteeva, Viktoria"]
[Result "1/2-1/2"]
[WhiteTitle "FM"]
[BlackTitle "WFM"]
[WhiteElo "2326"]
[BlackElo "2165"]
[WhiteFideId "4187369"]
[BlackFideId "4192907"]
[EventDate "2012.10.27"]

1. c4 e5 2. g3 Nc6 3. Bg2 f5 4. Nc3 Nf6 5. d3 Bb4 6. Bd2 Bxc3 7. Bxc3 d6 8. Nf3
O-O 9. O-O Qe8 10. Nd2 f4 11. Ne4 Qh5 12. f3 Nxe4 13. dxe4 Be6 14. b3 fxg3 15.
hxg3 Rf6 16. Qe1 Raf8 17. g4 Qf7 18. Qh4 Rh6 19. Qg3 Rg6 20. Bd2 Qe7 21. Rf2 Bd7
22. Bf1 Nd4 23. Kh1 h5 24. g5 h4 25. Qh2 Ne6 26. Bh3 Nf4 27. Bxd7 Qxd7 28. Qxh4
Qe7 29. Rh2 Qxg5 30. Qxg5 Rxg5 31. Rg1 Rxg1+ 32. Kxg1 Ne6 33. Be3 Kf7 34. Kf2
Ke7 35. Rh1 a5 36. Ke1 Kd7 37. Kd2 Kc6 38. Rh5 Rf6 39. Rh8 b6 40. a3 Kb7 41. Re8
Kc6 42. Re7 Kb7 43. Bf2 Rg6 44. b4 axb4 45. axb4 Rh6 46. Be3 Rf6 47. Kd3 Kc8 48.
Re8+ Kb7 49. Rh8 Rg6 50. c5 bxc5 51. bxc5 Kc6 52. cxd6 cxd6 53. Ra8 Rg2 54. Ra6+
Kd7 55. Ra2 g5 56. Kc4 g4 57. Ra7+ Kc6 58. Ra6+ Kd7 59. Ra7+ Kc6 60. Ra6+ Kd7 1/2-1/2

[Event "Chigorin Memorial"]
[Site "St Petersburg RUS"]
[Date "2012.11.03"]
[Round "8.87"]
[White "Kozhabekov, Adilkhan"]
[Black "Buchenau, Frank"]
[Result "1-0"]
[BlackTitle "FM"]
[WhiteElo "2127"]
[BlackElo "2324"]
[WhiteFideId "13702858"]
[BlackFideId "4604350"]
[EventDate "2012.10.27"]

1. Nf3 Nf6 2. b3 d5 3. Bb2 Bg4 4. e3 Nbd7 5. d4 e6 6. Be2 Bd6 7. Nbd2 O-O 8. O-O
c6 9. Ne5 Bxe2 10. Qxe2 Qc7 11. f4 Rfe8 12. Rf3 c5 13. c4 cxd4 14. exd4 Bb4 15.
Nf1 Ne4 16. Rc1 Nxe5 17. fxe5 Qd7 18. Rh3 Be7 19. Rc2 f5 20. exf6 Bxf6 21. Qg4
Rad8 22. Re2 b5 23. Rf3 Kh8 24. c5 b4 25. Ng3 Qb5 26. Re1 Nxg3 27. hxg3 Qa6 28.
Rfe3 Qxa2 29. Rxe6 Rf8 30. Bc1 Qxb3 31. Bg5 Bxg5 32. Qxg5 Qd3 33. Qxd8 1-0

[Event "Chigorin Memorial"]
[Site "St Petersburg RUS"]
[Date "2012.11.03"]
[Round "8.88"]
[White "Bratus, Petr P"]
[Black "Gerasimov, Ivan"]
[Result "0-1"]
[BlackTitle "FM"]
[WhiteElo "2114"]
[BlackElo "2308"]
[WhiteFideId "4168682"]
[BlackFideId "4196562"]
[EventDate "2012.10.27"]

1. d4 Nf6 2. c4 e6 3. Nf3 b6 4. g3 Bb7 5. Bg2 Be7 6. Nc3 O-O 7. O-O Ne4 8. Qc2
Nxc3 9. Qxc3 f5 10. Be3 Bf6 11. Qd2 Be4 12. Rac1 c6 13. Rfd1 h6 14. Ne1 Bxg2 15.
Nxg2 g5 16. Qc2 Qe7 17. Rd3 Na6 18. a3 Nc7 19. Bd2 Bg7 20. Re1 Ne8 21. h4 Nd6
22. Bb4 a5 23. Bxd6 Qxd6 24. hxg5 hxg5 25. e4 fxe4 26. Rxe4 Rf5 27. Ne3 Rf7 28.
c5 Qe7 29. cxb6 Rb8 30. d5 cxd5 31. Rxd5 Rxb6 32. b4 axb4 33. axb4 Qf6 34. Ra5
d5 35. Ra8+ Rf8 36. Rxf8+ Bxf8 37. Rg4 Rxb4 38. Rxb4 Bxb4 39. Ng4 Qg7 40. Qc8+
Kf7 41. Qc7+ Kg6 42. Ne5+ Kh6 43. Ng4+ Kh7 44. Qc2+ Qg6 45. Qc7+ Kg8 46. Qd8+
Bf8 47. Nf6+ Kf7 48. Ng4 Bg7 49. Qc7+ Kg8 50. Qb8+ Kh7 51. Qb7 Qf5 52. Ne3 Qe4
53. Qf7 Qg6 54. Qb7 d4 55. Qh1+ Kg8 56. Qa8+ Kf7 57. Qb7+ Kf8 58. Nc4 Kg8 59.
Qa8+ Kh7 60. Qh1+ Kg8 61. Qa8+ Bf8 62. Ne5 Qf5 63. Nd7 d3 64. Qd8 d2 65. Nxf8
Qb1+ 66. Kg2 d1=Q 67. Nd7+ Kh7 68. Nf8+ Kg7 69. Nxe6+ Kg6 70. Qg8+ Kf6 71. Qxg5+
Kxe6 72. Qg8+ Kd7 73. Qf7+ Kc8 74. Qe8+ Kc7 0-1

[Event "Chigorin Memorial"]
[Site "St Petersburg RUS"]
[Date "2012.11.03"]
[Round "8.89"]
[White "Nasybullina, Alfia"]
[Black "Khakimov, Timur"]
[Result "0-1"]
[BlackTitle "IM"]
[WhiteElo "2076"]
[BlackElo "2303"]
[WhiteFideId "4132416"]
[BlackFideId "4169115"]
[EventDate "2012.10.27"]

1. d4 d5 2. c4 e6 3. Nf3 c5 4. Nc3 cxd4 5. Nxd4 e5 6. Nf3 d4 7. Nd5 Nc6 8. e3
Nf6 9. Nxf6+ Qxf6 10. exd4 e4 11. Ne5 Nxe5 12. dxe5 Qxe5 13. Qb3 Bc5 14. g3 O-O
15. Bf4 Qe7 16. a3 Rd8 17. Bg2 Rd3 18. Qc2 g5 19. Bd2 Bxf2+ 20. Kf1 Bd4 21. Ke1
Bf5 22. Bf1 Rd8 0-1

[Event "Chigorin Memorial"]
[Site "St Petersburg RUS"]
[Date "2012.11.03"]
[Round "8.90"]
[White "Molchanova, Tatjana"]
[Black "Lutovinov, Alexander"]
[Result "1-0"]
[WhiteTitle "WGM"]
[WhiteElo "2303"]
[BlackElo "2145"]
[WhiteFideId "4132203"]
[BlackFideId "34114758"]
[EventDate "2012.10.27"]

1. c4 e5 2. g3 Nc6 3. Bg2 Nf6 4. Nc3 Bc5 5. e3 O-O 6. Nge2 d6 7. O-O Bf5 8. d4
Bb6 9. Na4 Qe7 10. d5 Nb8 11. b4 Nbd7 12. Bb2 Be4 13. Nxb6 axb6 14. f3 Bg6 15.
e4 h5 16. a3 Nh7 17. g4 hxg4 18. fxg4 Qh4 19. Nc3 Ng5 20. Qe1 Qxg4 21. Qg3 Qxg3
22. hxg3 f5 23. exf5 Bxf5 24. Bc1 Nh7 25. Nb5 Rac8 26. Be3 Bd3 27. Rxf8+ Nhxf8
28. Rc1 g6 29. Bh3 Bf5 30. Bxf5 gxf5 31. Rf1 f4 32. gxf4 e4 33. Kf2 Kf7 34. Rh1
Ke7 35. Bd4 c6 36. Nc3 c5 37. bxc5 Nxc5 38. Ke3 Ncd7 39. Nxe4 Rxc4 40. f5 Ra4
41. f6+ Kd8 42. Bb2 Ra5 43. Kd4 Ra4+ 44. Kd3 Ra5 45. Kd4 Ra4+ 46. Ke3 Ra5 47.
Rd1 Kc7 48. Rc1+ Nc5 49. Nxc5 Rxc5 50. Rxc5+ bxc5 51. f7 Kd7 52. Bf6 b5 53. Kf4
b4 54. axb4 cxb4 55. Ke3 b3 56. Kd3 b2 57. Kc2 Ne6 58. dxe6+ 1-0

[Event "Chigorin Memorial"]
[Site "St Petersburg RUS"]
[Date "2012.11.03"]
[Round "8.91"]
[White "Androsov, Sergey"]
[Black "Martynov, Pavel2"]
[Result "1-0"]
[WhiteElo "2081"]
[BlackElo "2303"]
[WhiteFideId "4102681"]
[BlackFideId "4122186"]
[EventDate "2012.10.27"]

1. e4 e6 2. d4 d5 3. exd5 exd5 4. Bd3 Bd6 5. Nf3 Ne7 6. O-O O-O 7. Re1 Nbc6 8.
a3 h6 9. Nc3 a6 10. h3 Be6 11. Ne2 Nf5 12. c3 Qf6 13. Bc2 Nfe7 14. Ng3 Bxg3 15.
fxg3 Bf5 16. Bf4 Rac8 17. Ne5 Nxe5 18. Bxe5 Qb6 19. Bxg7 Bxc2 20. Qxc2 Kxg7 21.
Rxe7 Qd6 22. Rae1 Qxg3 23. R1e3 Qg5 24. Qf2 Kh8 25. h4 Qg6 26. Qf4 Rg8 27. Rg3
Qb1+ 28. Kh2 Rxg3 29. Qxh6+ Kg8 30. Kxg3 Qxb2 31. Re5 Qxc3+ 32. Kh2 f6 33. Re7 1-0

[Event "Chigorin Memorial"]
[Site "St Petersburg RUS"]
[Date "2012.11.03"]
[Round "8.92"]
[White "Ageichenko, Genadi A"]
[Black "Pogosian, Vladimir"]
[Result "1-0"]
[WhiteTitle "IM"]
[WhiteElo "2301"]
[BlackElo "2143"]
[WhiteFideId "4105222"]
[BlackFideId "13301586"]
[EventDate "2012.10.27"]

1. d4 Nf6 2. Nf3 d5 3. c4 dxc4 4. e3 Bg4 5. Bxc4 e6 6. h3 Bh5 7. O-O Nbd7 8. Nc3
a6 9. Be2 Be7 10. e4 O-O 11. Qb3 Nb6 12. Rd1 a5 13. a3 a4 14. Qc2 Bg6 15. Ne5
Nfd7 16. Nxg6 hxg6 17. Be3 f5 18. d5 e5 19. Nb5 Bd6 20. Rac1 Rc8 21. Qd3 f4 22.
Bxb6 Nxb6 23. Bg4 Ra8 24. Rc3 Kh7 25. Rdc1 Rf7 26. Be6 Rf6 27. Qf3 c6 28. Nxd6
Qxd6 29. Qg4 Rxe6 30. dxe6 Re8 31. Rd1 Qxe6 32. Qh4+ Kg8 33. Rcd3 Qf6 34. Qg4
Nc4 35. Rd7 b5 36. Rc7 Nb6 37. h4 f3 38. g3 Kh7 39. h5 Re6 40. h6 Re7 41. Rxe7
Qxe7 42. hxg7 Kxg7 43. Qxf3 Nc4 44. Qg4 Nd6 45. Kg2 Kf7 46. Rh1 Kg7 47. Qh3 Nf7
48. Qh7+ Kf6 49. Qh4+ g5 50. Qg4 Qe6 51. Qf3+ Ke7 52. Rc1 Kd7 53. Qe3 Kc8 54.
Qb6 Nd8 55. Qxb5 g4 56. Qxa4 Qh6 57. Qa8+ Kc7 58. Qa7+ Nb7 59. Rc3 Qg6 60. Qa4
Qd6 1-0

[Event "Chigorin Memorial"]
[Site "St Petersburg RUS"]
[Date "2012.11.03"]
[Round "8.93"]
[White "Kartsev, Evgeni"]
[Black "Pavlov, Aleksandr"]
[Result "1-0"]
[WhiteElo "2070"]
[BlackElo "2300"]
[WhiteFideId "24162469"]
[BlackFideId "4119924"]
[EventDate "2012.10.27"]

1. d4 Nf6 2. Nf3 e6 3. g3 c5 4. Bg2 Nc6 5. O-O cxd4 6. Nxd4 d5 7. c4 Bc5 8. Nb3
Be7 9. Nc3 dxc4 10. Nd2 Ne5 11. h3 O-O 12. f4 Qd4+ 13. Kh1 Nc6 14. Qa4 e5 15. f5
Bb4 16. Bxc6 Bxc3 17. bxc3 Qxc3 18. Qa3 Qxa1 19. Bb2 Qxf1+ 20. Nxf1 bxc6 21. g4
Re8 22. Ng3 h6 23. Qc5 Rb8 24. Ba3 Ba6 25. Kh2 Bb5 26. Bc1 Rb7 27. g5 hxg5 28.
Bxg5 Nd7 29. Qg1 f6 30. Bh6 Re7 31. Nh5 Nf8 32. Be3 Rf7 33. Ng3 Ba6 34. Qc1 Rbd7
35. Qa3 Bb5 36. Ne4 Rd1 37. Kg2 Rfd7 38. Qb4 Rb7 39. a4 c5 40. Qxc5 Bd7 41.
Qxc4+ Kh7 42. Nxf6+ gxf6 43. Qf7+ Kh8 44. Qxf8+ Kh7 45. Qh6+ Kg8 46. Qg6+ Kf8
47. Qxf6+ Ke8 48. Bg5 Bxa4 49. Qe6+ 1-0

[Event "Chigorin Memorial"]
[Site "St Petersburg RUS"]
[Date "2012.11.03"]
[Round "8.94"]
[White "Papp, Petra"]
[Black "Kuzmin, Egor"]
[Result "0-1"]
[WhiteTitle "WGM"]
[WhiteElo "2298"]
[BlackElo "2140"]
[WhiteFideId "739049"]
[BlackFideId "24101737"]
[EventDate "2012.10.27"]

1. e4 c5 2. Nf3 d6 3. d4 cxd4 4. Nxd4 Nf6 5. Nc3 Nc6 6. Bg5 e6 7. Qd2 a6 8.
O-O-O Be7 9. f4 Nxd4 10. Qxd4 b5 11. Bxf6 gxf6 12. e5 d5 13. Be2 O-O 14. Rd3 Kh8
15. Rh3 Rg8 16. Qd3 Rg7 17. Rf1 b4 18. Nd1 a5 19. Ne3 a4 20. Kb1 a3 21. b3 fxe5
22. fxe5 Ba6 23. Qd1 Qc7 24. Ng4 Rxg4 25. Bxa6 Qxe5 26. c3 f5 27. Qe2 Qxe2 28.
Bxe2 Rxg2 29. Re3 Rg6 30. Bh5 Rf6 31. Rfe1 Ra6 32. c4 dxc4 33. bxc4 Rh6 34. Rh3
Kg7 35. Kc2 Kf6 36. Kb3 Rd6 37. Ka4 e5 38. Kb5 Rd2 39. c5 Rxa2 40. c6 Rc2 41.
Kb6 b3 42. c7 Bd6 43. Rxb3 Bxc7+ 44. Kb5 Rxh5 45. Rxa3 Rhxh2 46. Rg1 e4 0-1

[Event "Chigorin Memorial"]
[Site "St Petersburg RUS"]
[Date "2012.11.03"]
[Round "8.95"]
[White "Solovyov, Viktor"]
[Black "Pershin, Denis"]
[Result "1-0"]
[WhiteElo "2265"]
[BlackElo "2100"]
[WhiteFideId "4102754"]
[BlackFideId "24165506"]
[EventDate "2012.10.27"]

1. Nf3 Nf6 2. c4 g6 3. Nc3 Bg7 4. g3 O-O 5. Bg2 d6 6. O-O e5 7. d4 Nfd7 8. e4
Nc6 9. d5 Ne7 10. Ne1 Nb6 11. b3 f5 12. Nd3 f4 13. c5 dxc5 14. Nxc5 g5 15. Ba3
g4 16. Ne6 Bxe6 17. dxe6 f3 18. Qxd8 Rfxd8 19. Bxe7 fxg2 20. Rfd1 Re8 21. Bc5
Rxe6 22. Bxb6 axb6 23. Rd7 Bf8 24. Rxc7 Bc5 25. Kxg2 Rf8 26. Rf1 Ref6 27. Nd1
Rd6 28. b4 Bxb4 29. Ne3 Rd4 30. Nxg4 Rxe4 31. Nh6+ Kh8 32. Rd1 Rd4 33. Rxd4 exd4
34. Nf7+ Kg8 35. Nh6+ Kh8 36. Rd7 Bc5 37. Ng4 h5 38. Ne5 Ra8 39. Kf3 Rxa2 40.
Nd3 Rd2 41. Ke4 Re2+ 42. Kf5 Kg8 43. Rd5 Rd2 44. Ke4 Re2+ 45. Kf3 Rd2 46. Nxc5
bxc5 47. Rxc5 h4 48. Rb5 h3 49. Rxb7 d3 50. Rd7 Kf8 51. g4 Ke8 52. Rd4 Kf7 53.
Kg3 Kf6 54. f4 Rd1 55. Kxh3 d2 56. Kh4 Kg6 57. Rd6+ Kg7 58. Kg5 Kf7 59. h4 Ke7
60. Rd3 Kf7 61. h5 Kg7 62. Rd7+ Kf8 63. h6 Ke8 64. Rd3 Kf7 65. h7 Kg7 66. Rd7+
Kh8 67. Kg6 1-0

[Event "Chigorin Memorial"]
[Site "St Petersburg RUS"]
[Date "2012.11.03"]
[Round "8.96"]
[White "Aleksanyan, Gor"]
[Black "Valli, Frans"]
[Result "1/2-1/2"]
[WhiteElo "1948"]
[BlackElo "2240"]
[WhiteFideId "13306626"]
[BlackFideId "506087"]
[EventDate "2012.10.27"]

1. d4 d5 2. c4 e6 3. Nf3 c5 4. cxd5 exd5 5. Nc3 Nc6 6. g3 Nf6 7. Bg2 Be7 8. O-O
O-O 9. Bg5 c4 10. Ne5 Be6 11. b3 h6 12. Bxf6 Bxf6 13. Nxc6 bxc6 14. bxc4 dxc4
15. e3 Qa5 16. Qc2 Rac8 17. Rac1 Be7 18. Qa4 Qxa4 19. Nxa4 Rfd8 20. Rfd1 Kf8 21.
Nb2 Ba3 22. Rc2 Bxb2 23. Rxb2 Rc7 24. Rc2 Ke7 25. e4 Rcd7 26. d5 cxd5 27. exd5
Bxd5 28. Bxd5 Rxd5 29. Rxd5 Rxd5 30. Rxc4 Kd6 31. Kg2 Ra5 32. Rc2 Ra3 33. h4 h5
34. Rd2+ Ke5 35. Re2+ Kf5 36. Kg1 a5 37. Kf1 f6 38. Kg1 Rc3 39. Kg2 Ra3 40. Kg1
Kg6 41. Kg2 Ra4 42. Kf3 Kf5 43. Kg2 g6 44. Kf3 Ra3+ 45. Kg2 Kg4 46. Re4+ Kf5 47.
Re2 g5 48. hxg5 fxg5 49. Kh2 Ra4 50. Kg2 Kg4 51. Rc2 h4 52. Rd2 hxg3 53. fxg3
Ra3 54. Rd4+ Kh5 55. Rd2 a4 56. Rc2 Rd3 57. Re2 a3 58. Rc2 Rd4 59. Kf3 Rd3+ 60.
Kg2 g4 61. Kf2 Kg5 62. Rc5+ Kf6 63. Ra5 Ke6 64. Ra4 Kd5 65. Rxg4 Rd2+ 66. Ke3
Rxa2 67. Ra4 Kc5 68. Kf4 Kb5 69. Ra8 Kb4 70. Rb8+ Kc3 71. Ra8 Kb3 72. Rb8+ Kc2
73. Ra8 Kb3 74. Rb8+ Kc3 75. Ra8 Rf2+ 76. Ke3 Ra2 77. Kf4 Ra1 78. g4 Kb3 79. g5
a2 80. g6 Rg1 81. Kf5 a1=Q 82. Rxa1 Rxa1 83. g7 Ra8 84. Kg6 Kc4 85. Kh7 Kd5 86.
g8=Q+ Rxg8 87. Kxg8 1/2-1/2

[Event "Chigorin Memorial"]
[Site "St Petersburg RUS"]
[Date "2012.11.03"]
[Round "8.99"]
[White "Zalkind, Konstantin"]
[Black "Maltsev, Leonid"]
[Result "1-0"]
[WhiteTitle "FM"]
[BlackTitle "CM"]
[WhiteElo "2232"]
[BlackElo "1947"]
[WhiteFideId "2803461"]
[BlackFideId "14116413"]
[EventDate "2012.10.27"]

1. d4 f5 2. Bg5 d6 3. Nc3 h6 4. Bf4 Nf6 5. e3 g6 6. Nf3 Bg7 7. Bc4 d5 8. Bd3 O-O
9. h4 e6 10. Ne5 Kh7 11. g4 Ne4 12. gxf5 exf5 13. Rg1 Bxe5 14. dxe5 Nxc3 15.
bxc3 Qxh4 16. Qf3 Qd8 17. Rh1 h5 18. Rxh5+ gxh5 19. Qxh5+ Kg8 20. Qg6+ Kh8 21.
O-O-O Qh4 22. Bg5 Qh7 23. Bf6+ Rxf6 24. Qxf6+ 1-0

[Event "Chigorin Memorial"]
[Site "St Petersburg RUS"]
[Date "2012.11.03"]
[Round "8.100"]
[White "Andrenko, Irina"]
[Black "Voronenkov, Sergey"]
[Result "1-0"]
[WhiteTitle "WIM"]
[WhiteElo "2227"]
[BlackElo "2020"]
[WhiteFideId "14118270"]
[BlackFideId "24129674"]
[EventDate "2012.10.27"]

1. Nf3 Nf6 2. g3 g6 3. Bg2 Bg7 4. O-O O-O 5. d3 d5 6. Nbd2 c5 7. e4 Nc6 8. Re1
e5 9. exd5 Nxd5 10. Nc4 Re8 11. Bg5 f6 12. Bd2 Be6 13. Qc1 Qd7 14. Bh6 Bh8 15.
h4 Nd4 16. Kh2 Ne7 17. Ne3 Rac8 18. Nd2 Kf7 19. Nef1 Nef5 20. Be3 Bg7 21. Ne4 c4
22. dxc4 Bxc4 23. c3 Bxf1 24. Rxf1 Red8 25. Qd1 Nxe3 26. fxe3 Ne6 27. Qb3 h6 28.
Rad1 Qe7 29. Rxd8 Rxd8 30. Rd1 b6 31. Rxd8 Qxd8 32. Qa3 Qd7 33. Qd6 Nc5 34. Ng5+
hxg5 35. Bd5+ 1-0

[Event "Chigorin Memorial"]
[Site "St Petersburg RUS"]
[Date "2012.11.03"]
[Round "8.101"]
[White "Afanasiev, Nikita"]
[Black "Kazakov, Maksym"]
[Result "1/2-1/2"]
[WhiteElo "2224"]
[BlackElo "2015"]
[WhiteFideId "24183555"]
[BlackFideId "14128756"]
[EventDate "2012.10.27"]

1. c4 e5 2. g3 Nf6 3. Bg2 Nc6 4. Nc3 Bb4 5. Nf3 Bxc3 6. bxc3 O-O 7. O-O Re8 8.
d3 e4 9. Ng5 exd3 10. exd3 d6 11. Rb1 Bg4 12. f3 Bh5 13. g4 Bg6 14. f4 h6 15. f5
Bh7 16. Nh3 Qc8 17. Nf4 Kh8 18. Rb2 Rb8 19. h4 Ng8 20. Bd5 Qd7 21. Rg2 Ne5 22.
d4 c6 23. dxe5 dxe5 24. Nh5 cxd5 25. g5 g6 26. Nf6 Nxf6 27. gxf6 h5 28. fxg6
fxg6 29. Bh6 Qf7 30. Qxd5 Kg8 31. Rd2 Re6 32. Bg7 g5 33. hxg5 Bg6 34. Kf2 Kh7
35. Rfd1 Rg8 36. Ke2 e4 37. Qd7 Rxg7 38. fxg7 Qf3+ 39. Ke1 Qh1+ 40. Ke2 Qf3+ 41.
Ke1 Qh1+ 1/2-1/2

[Event "Chigorin Memorial"]
[Site "St Petersburg RUS"]
[Date "2012.11.03"]
[Round "8.102"]
[White "Klyuev, Alexander S."]
[Black "Kantyshev, Nikita"]
[Result "1-0"]
[WhiteElo "2218"]
[BlackElo "1898"]
[WhiteFideId "4194250"]
[BlackFideId "4186737"]
[EventDate "2012.10.27"]

1. e4 e5 2. Nf3 Nc6 3. Bb5 Nge7 4. c3 g6 5. O-O Bg7 6. d4 exd4 7. cxd4 O-O 8. d5
Ne5 9. Nxe5 Bxe5 10. Nc3 c6 11. Bc4 b5 12. Bb3 b4 13. Na4 cxd5 14. Bxd5 Rb8 15.
Bg5 d6 16. f4 Bh8 17. f5 Qe8 18. Bb3 Be5 19. Bh6 gxf5 20. Qh5 f4 21. Rac1 Ng6
22. Bxf8 Qxf8 23. Rc7 d5 24. Rc6 Bd7 25. Rxg6+ hxg6 26. Qxe5 Bb5 27. Rxf4 Bxa4
28. Bxa4 Qc5+ 29. Rf2 Rc8 30. exd5 Rc7 31. Qf4 Re7 32. h3 Qxd5 33. Bb3 Qd7 34.
Qf6 Qc7 35. Qxg6+ Kh8 36. Qf6+ Kg8 37. Bxf7+ Kf8 38. Qh8# 1-0

[Event "Chigorin Memorial"]
[Site "St Petersburg RUS"]
[Date "2012.11.03"]
[Round "8.103"]
[White "Iljiushenok, Ilia"]
[Black "Fedorov, Viktor"]
[Result "1/2-1/2"]
[WhiteElo "2427"]
[BlackElo "2118"]
[WhiteFideId "24105074"]
[BlackFideId "24195430"]
[EventDate "2012.10.27"]

1. e4 c6 2. d4 d5 3. exd5 cxd5 4. c4 Nf6 5. Nc3 e6 6. Bg5 Be7 7. Nf3 O-O 8. Qc2
Nc6 9. Rd1 h6 10. Bh4 Re8 11. a3 Qa5 12. Bd3 dxc4 13. Bxc4 Nd5 14. Bxe7 Ncxe7
15. O-O Bd7 16. Ne4 Red8 17. Nc5 Qb6 18. Ba2 Rac8 19. Rfe1 Be8 20. Ne5 Qc7 21.
Bb1 Nf6 22. Qd2 Ned5 23. Qe2 Qe7 24. Qf3 b6 25. Ne4 Rc7 26. Nxf6+ Nxf6 27. Qf4
Nd5 28. Qg3 Qg5 29. Qd3 g6 30. g3 h5 31. h4 Qf6 32. Qd2 Kg7 33. f4 Ne7 34. Rc1
Rxc1 35. Rxc1 Nf5 36. Bxf5 Qxf5 37. Qe3 f6 38. Rc7+ Kg8 39. Nf3 Rd7 40. Rc8 Kf7
41. Kf2 Ke7 42. Ng1 Rd8 43. Rc7+ Rd7 44. Qc3 Qd5 45. Ne2 Qd6 46. Rc6 Qd5 47.
Qb4+ Kf7 48. Rc1 Qd6 49. Qc3 Rd8 50. Qc4 Qd5 51. Qc7+ Rd7 52. Qc3 Rd8 1/2-1/2

[Event "Chigorin Memorial"]
[Site "St Petersburg RUS"]
[Date "2012.11.03"]
[Round "8.105"]
[White "Zavoronkov, Vladimir"]
[Black "Skvortsov, Alexander"]
[Result "1-0"]
[WhiteTitle "IM"]
[WhiteElo "2378"]
[BlackElo "2110"]
[WhiteFideId "4500342"]
[BlackFideId "24170038"]
[EventDate "2012.10.27"]

1. e4 c5 2. Nf3 e6 3. d4 cxd4 4. Nxd4 a6 5. Bd3 Ne7 6. c4 Nbc6 7. Nxc6 Nxc6 8.
Nc3 Be7 9. O-O O-O 10. Be3 Ne5 11. Na4 d6 12. f4 Nd7 13. Rf3 Nc5 14. Nc3 b6 15.
Bc2 Bb7 16. Bd4 Nd7 17. Rg3 e5 18. Be3 Rc8 19. f5 Re8 20. Qe2 Qc7 21. Rf1 Nf6
22. Bd3 Bc6 23. a4 Rb8 24. Rff3 Qb7 25. Bh6 Bf8 26. Qe3 Nh5 27. f6 d5 28. Rxg7+
Nxg7 29. Qg5 dxe4 30. Bxg7 Re6 31. Bh6+ Kh8 32. Bxf8 1-0

[Event "Chigorin Memorial"]
[Site "St Petersburg RUS"]
[Date "2012.11.03"]
[Round "8.106"]
[White "Baglaev, Evgeniy"]
[Black "Karasev, Vladimir I"]
[Result "0-1"]
[BlackTitle "IM"]
[WhiteElo "2099"]
[BlackElo "2373"]
[WhiteFideId "4195612"]
[BlackFideId "4103971"]
[EventDate "2012.10.27"]

1. d4 b5 2. e4 Bb7 3. Bd3 e6 4. Nd2 c5 5. dxc5 Bxc5 6. Ngf3 a6 7. O-O d6 8. a4
bxa4 9. Rxa4 Nf6 10. Qe2 e5 11. Nc4 Nc6 12. c3 a5 13. Be3 Bxe3 14. Qxe3 O-O 15.
Rd1 Qc7 16. h3 Rfd8 17. Nb6 Rab8 18. Nd5 Nxd5 19. exd5 Ne7 20. c4 Bc8 21. Qd2
Bd7 22. Ra3 Ng6 23. Bxg6 hxg6 24. b3 a4 25. bxa4 Qxc4 26. Rc1 Qa6 27. Ng5 Rdc8
28. Rxc8+ Rxc8 29. Rf3 f6 30. Ne6 Qxa4 31. Rg3 Be8 32. Qd3 Rc1+ 33. Kh2 Qd1 34.
Qxd1 Rxd1 35. Ra3 Bf7 36. Ra8+ Kh7 37. Rf8 Bg8 38. Rd8 Rxd5 39. Nf8+ Kh6 40. Nd7
Be6 41. h4 g5 42. Rh8+ Kg6 43. Nf8+ Kf7 44. hxg5 fxg5 45. Nh7 e4 46. Ra8 Rf5 47.
Kg1 g4 48. Rf8+ Ke7 49. Ra8 g3 50. fxg3 e3 51. Ra7+ Kd8 52. g4 Rc5 53. Ra8+ Kc7
54. Ra7+ Kb6 55. Ra1 Bxg4 56. Nf8 d5 57. Ng6 d4 58. Nf4 g5 59. Nd3 Rc3 60. Rb1+
Kc7 61. Nb4 Kd6 62. Na2 Ra3 63. Rb4 Rxa2 64. Rxd4+ Ke5 65. Rxg4 Ra1+ 66. Kh2 e2
67. Rxg5+ Kf6 0-1

[Event "Chigorin Memorial"]
[Site "St Petersburg RUS"]
[Date "2012.11.03"]
[Round "8.107"]
[White "Duzhakov, Ilya"]
[Black "Yudkevich, Mikhail"]
[Result "1-0"]
[WhiteTitle "FM"]
[WhiteElo "2330"]
[BlackElo "2099"]
[WhiteFideId "4192516"]
[BlackFideId "4134486"]
[EventDate "2012.10.27"]

1. d4 f5 2. Nf3 Nf6 3. c4 g6 4. g3 Bg7 5. Bg2 d6 6. O-O O-O 7. Nc3 Nc6 8. d5 Na5
9. Qd3 c5 10. Nd2 Ng4 11. Nf3 a6 12. h3 Nf6 13. Rb1 Ne4 14. Ng5 Nxc3 15. bxc3
Rb8 16. Bd2 Qe8 17. Ne6 Bxe6 18. dxe6 Qa4 19. Bd5 b5 20. cxb5 axb5 21. Bf4 Nc4
22. h4 Na3 23. Rbc1 b4 24. c4 b3 25. axb3 Rxb3 26. Qd1 Rfb8 27. e4 fxe4 28. h5
Qe8 29. Bxe4 gxh5 30. Qd5 Qf8 31. Qxh5 h6 32. Bg5 Qe8 33. Bg6 Qf8 34. Bf7+ Kh8
35. Kg2 Rb1 36. Rh1 Rxc1 37. Bxc1 Nxc4 38. Bxh6 Bxh6 39. Qg5 1-0